000 00317nam a2200121Ia 4500
005 20251222154332.0
008 251222s9999||||xx |||||||||||||| ||spa||
020 _a84-253-9140-7
082 _a641.5/G25
100 _a"Gare, Fran Helen Monica"
245 0 _aEl libro de cocina de la dieta del Dr. Atkins
942 _cLIB
999 _c34181
_d34181